Коллоидная химия. Поверхностные явления и дисперсные системы: сборник примеров и задач; учебное пособие

গ্রন্থ-পঞ্জীর বিবরন
প্রধান লেখক: Михеева Е. В. Елена Валентиновна
সংস্থা লেখক: Национальный исследовательский Томский политехнический университет (ТПУ) Институт природных ресурсов (ИПР) Кафедра физической и аналитической химии (ФАХ)
অন্যান্য লেখক: Пикула Н. П. Нина Павловна
সংক্ষিপ্ত:Заглавие с титульного экрана
Электронная версия печатной публикации
В сборник вошло более 600 задач по основным разделам дисциплин "Коллоидная химия" и "Поверхностные явления и дисперсные системы" . Каждый раздел включает в себя краткую теоретическую часть, примеры решения типовых задач и задачи для самостоятельного решения. Наличие большого числа задач по каждой теме позволит преподавателям организовать самостоятельную, аудиторную и внеаудиторную работу студентов. Второе издание дополнено большим количеством новых заданий по разделам "термодинамика поверхностных явлений", "адсорбция и свойства дисперсных систем". Предназначено для студентов ИПР, ИФВТ, ФТИ.
Режим доступа: из корпоративной сети ТПУ
ভাষা:রুশ
প্রকাশিত: Томск, Изд-во ТПУ, 2013
সংস্করন:2-е изд., перераб. и доп.
বিষয়গুলি:
অনলাইন ব্যবহার করুন:http://www.lib.tpu.ru/fulltext2/m/2013/m271.pdf
বিন্যাস: MixedMaterials বৈদ্যুতিক গ্রন্থ
KOHA link:https://koha.lib.tpu.ru/cgi-bin/koha/opac-detail.pl?biblionumber=244742

MARC

LEADER 00000nlm0a2200000 4500
001 244742
005 20240215090530.0
035 |a (RuTPU)RU\TPU\book\266134 
090 |a 244742 
100 |a 20131028d2013 m y0rusy50 ca 
101 0 |a rus 
102 |a RU 
105 |a a j 001zy 
135 |a drcn ---uucaa 
181 0 |a i  
182 0 |a b 
200 1 |a Коллоидная химия. Поверхностные явления и дисперсные системы  |e сборник примеров и задач  |e учебное пособие  |f Е. В. Михеева, Н. П. Пикула  |g Национальный исследовательский Томский политехнический университет (ТПУ), Институт природных ресурсов (ИПР), Кафедра физической и аналитической химии (ФАХ) 
203 |a Текст  |c электронный 
205 |a 2-е изд., перераб. и доп. 
210 |a Томск  |c Изд-во ТПУ  |d 2013 
300 |a Заглавие с титульного экрана 
300 |a Электронная версия печатной публикации 
330 |a В сборник вошло более 600 задач по основным разделам дисциплин "Коллоидная химия" и "Поверхностные явления и дисперсные системы" . Каждый раздел включает в себя краткую теоретическую часть, примеры решения типовых задач и задачи для самостоятельного решения. Наличие большого числа задач по каждой теме позволит преподавателям организовать самостоятельную, аудиторную и внеаудиторную работу студентов. Второе издание дополнено большим количеством новых заданий по разделам "термодинамика поверхностных явлений", "адсорбция и свойства дисперсных систем". Предназначено для студентов ИПР, ИФВТ, ФТИ. 
333 |a Режим доступа: из корпоративной сети ТПУ 
337 |a Adobe Reader 
451 1 |0 (RuTPU)RU\TPU\book\257047  |t Поверхностные явления и дисперсные системы. Коллоидная химия. Сборник примеров и задач  |o учебное пособие  |f Е. В. Михеева, Н. П. Пикула, С. Н. Карбаинова  |g Томский политехнический университет (ТПУ)  |c Томск  |n Изд-во ТПУ  |d 2008  |a Михеева, Елена Валентиновна 
488 1 |0 (RuTPU)RU\TPU\book\157797  |t Поверхностные явления и дисперсные системы. Коллоидная химия. Сборник примеров и задач  |o учебное пособие  |f Е. В. Михеева, Н. П. Пикула, С. Н. Карбаинова  |g Томский политехнический университет (ТПУ)  |c Томск  |n Изд-во ТПУ  |d 2008  |p 115 с.  |s Учебники Томского политехнического университета  |a Михеева, Елена Валентиновна 
606 1 |a Коллоидная химия  |2 stltpush  |3 (RuTPU)RU\TPU\subj\68635  |9 83831 
610 1 |a электронный ресурс 
610 1 |a учебные пособия 
610 1 |a труды учёных ТПУ 
610 1 |a поверхностные явления 
610 1 |a дисперсные системы 
610 1 |a примеры 
610 1 |a задачи 
610 1 |a дисперсность 
610 1 |a межмолекулярные взаимодействия 
610 1 |a поверхностное натяжение 
610 1 |a адсорбция 
610 1 |a электрокинетические явления 
610 1 |a коллоидные мицеллы 
610 1 |a коагуляция 
610 1 |a термодинамика 
610 1 |a твердое тело - газ 
610 1 |a жидкость-газ 
610 1 |a электрические свойства 
610 1 |a оптические свойства 
610 1 |a молекулярно-кинетические свойства 
610 1 |a структурно-механические свойства 
675 |a 544.7(076)  |v 3 
700 1 |a Михеева  |b Е. В.  |c химик  |c доцент Томского политехнического университета, кандидат химических наук  |f 1973-  |g Елена Валентиновна  |3 (RuTPU)RU\TPU\pers\27493  |9 12747 
701 1 |a Пикула  |b Н. П.  |c химик  |c доцент Томского политехнического университета, кандидат химических наук  |f 1949-  |g Нина Павловна  |3 (RuTPU)RU\TPU\pers\25622  |9 11551 
712 0 2 |a Национальный исследовательский Томский политехнический университет (ТПУ)  |b Институт природных ресурсов (ИПР)  |b Кафедра физической и аналитической химии (ФАХ)  |3 (RuTPU)RU\TPU\col\18656 
801 2 |a RU  |b 63413507  |c 20140109  |g RCR 
856 4 |u http://www.lib.tpu.ru/fulltext2/m/2013/m271.pdf 
942 |c CF